| 000 | 01074cam a2200289 a 4500 | ||
|---|---|---|---|
| 001 | 3088034 | ||
| 003 | OSt | ||
| 005 | 20231006132436.0 | ||
| 008 | 980413s1998 nyu 000 1 eng | ||
| 010 | _a 98021217 | ||
| 020 | _a0670849707 (alk. paper) | ||
| 040 |
_aDLC _cDLC _dDLC |
||
| 041 | 1 |
_aeng _hspa |
|
| 050 | 0 | 0 |
_aPQ7797.B635 _bA24 1998 |
| 082 | 0 | 0 |
_a863 _bBOR/C |
| 100 | 1 |
_aBorges, Jorge Luis, _d1899-1986 _98163 |
|
| 240 | 1 | 0 |
_aShort stories. _lEnglish |
| 245 | 1 | 0 |
_aCollected fictions / _cJorge Luis Borges ; translated by Andrew Hurley. |
| 260 |
_aNew York, N.Y., U.S.A. : _bViking, _c1998. |
||
| 300 |
_a565 p. ; _c25 cm. |
||
| 600 | 1 | 0 |
_aBorges, Jorge Luis, _d1899-1986 _xTranslations into English. |
| 700 | 1 |
_aHurley, Andrew, _d1944- |
|
| 906 |
_a7 _bcbc _corignew _d1 _eocip _f19 _gy-gencatlg |
||
| 942 |
_2ddc _cBK _h863 _iBOR/C _k863 _mBOR/C |
||
| 999 |
_c42554 _d42554 |
||